000 00864nam a2200193 a 4500
008 160926s2014 ||||||||||||||||| || u
050 _aCBU-PG THESIS/MBI
100 _aMbinza, Lewis
245 1 0 _aRelevance and impact of the Cessation clause of the 1951 refugee convention on African refugees
_cby Lewis Mbinza
260 _aKitwe
_bCopperbelt University
_c2014
300 _ax, 88p.: ill.
500 _aBibliography
650 _aREFUGEES--SERVICE FOR
650 _aREFUGEES--PROTECTION
650 _aHUMAN RIGHTS--AFRICA
650 _aINTERNATION LAW AND HUMAN RIGHTS
995 _aSPECIAL COLLECTIONS
_e4485
_FCBU-MAIN LIBRARY (Kitwe)
_jCBU-PG THESIS/MBI
_M2
_UAVAILABLE
_WJun 8, 2021
_yB4485
_ZUniversity Collection
995 _aSPECIAL COLLECTIONS
_e746611
_FCBU-MAIN LIBRARY (Kitwe)
_jCBU-PG THESIS/MBI
_M1
_UAVAILABLE
_WSep 26, 2016
_y746611
_ZUniversity Collection
999 _c80038
_d80038